À la limite : malaise dans l’éthique (notice n° 1597998)

détails MARC
000 -LEADER
fixed length control field 01828cam a2200229 4500500
005 - DATE AND TIME OF LATEST TRANSACTION
control field 20251228075646.0
041 ## - LANGUAGE CODE
Language code of text/sound track or separate title fre
042 ## - AUTHENTICATION CODE
Authentication code dc
100 10 - MAIN ENTRY--PERSONAL NAME
Personal name Pirone, Ilaria
Relator term author
245 00 - TITLE STATEMENT
Title À la limite : malaise dans l’éthique
260 ## - PUBLICATION, DISTRIBUTION, ETC.
Date of publication, distribution, etc. 2016.<br/>
500 ## - GENERAL NOTE
General note 52
520 ## - SUMMARY, ETC.
Summary, etc. Résumé À partir d’un sentiment de malaise dans le monde éducatif, l’article propose une relecture de l’essai de Freud Malaise dans la civilisation en mettant au centre la question de l’éthique articulée aux notions de limite et d’impossible. La fonction topologique de la limite permet de redessiner ce qui fait bord dans l’existence, ce qui tient la civilisation en deçà des marges du réel. Face à des formes de moralisation des discours sur l’éthique, la lecture de cet essai, comme travail sur la limite, permet de penser le malaise constitutif de toute recherche d’une position éthique.
520 ## - SUMMARY, ETC.
Summary, etc. Prompted by a sense of unease in the educational world, the article proposes a re-reading of Freud’s Civilization and Its Discontents by placing at its centre the question of ethics expressed in the notions of the limit and of the impossible. The topological function of the limit allows the re-design of the boundary of what connects with existence and what holds civilization short of the margins of reality. In the face of the moralization of ethical discourse reading this essay, as work on the edge, allows us to consider the constitutive malaise of all research from an ethical position.
690 ## - LOCAL SUBJECT ADDED ENTRY--TOPICAL TERM (OCLC, RLIN)
Topical term or geographic name as entry element éthique
690 ## - LOCAL SUBJECT ADDED ENTRY--TOPICAL TERM (OCLC, RLIN)
Topical term or geographic name as entry element impossible
690 ## - LOCAL SUBJECT ADDED ENTRY--TOPICAL TERM (OCLC, RLIN)
Topical term or geographic name as entry element limite
690 ## - LOCAL SUBJECT ADDED ENTRY--TOPICAL TERM (OCLC, RLIN)
Topical term or geographic name as entry element malaise
690 ## - LOCAL SUBJECT ADDED ENTRY--TOPICAL TERM (OCLC, RLIN)
Topical term or geographic name as entry element monde éducatif.
786 0# - DATA SOURCE ENTRY
Note Le Télémaque | 49 | 1 | 2016-07-05 | p. 9-16 | 1263-588X
856 41 - ELECTRONIC LOCATION AND ACCESS
Uniform Resource Identifier <a href="https://shs.cairn.info/revue-le-telemaque-2016-1-page-9?lang=fr&redirect-ssocas=7080">https://shs.cairn.info/revue-le-telemaque-2016-1-page-9?lang=fr&redirect-ssocas=7080</a>

Pas d'exemplaire disponible.

PLUDOC

PLUDOC est la plateforme unique et centralisée de gestion des bibliothèques physiques et numériques de Guinée administré par le CEDUST. Elle est la plus grande base de données de ressources documentaires pour les Étudiants, Enseignants chercheurs et Chercheurs de Guinée.

Adresse

627 919 101/664 919 101

25 boulevard du commerce
Kaloum, Conakry, Guinée

Réseaux sociaux

Powered by Netsen Group @ 2025